000 01239nam a2200229Ia 4500
001 L240-51128
003 IT-CnALBA
008 170116s9999||||xx |||||||||||||| ||und||
040 _aIT-CnALBA
_cIT-CnALBA
041 _aITALIANO
100 _aPAOLO VI, PAPA MONTINI.
245 0 _aUN CREDO PER VIVERE. PROFESSIONE DI FEDE. INCICLICA "HUMANAE VITAE".
250 _a1a ed.
260 _aMILANO
_bRUSCONI, EDITORE
_c1995 [1° Ed.:1995 - Ed.Ling.Originale: 1995]
300 _a118 p.
500 _aPREFAZIONE DI RATZINGER J. CURATORE MACCHI P. CREDO DEL POPOLO DI DIO. ESORTAZIONE PROFESSIONE DI FEDE. COMMENTO. TESTO DELL'ENCICLICA ASPETTI DEL PROBLEMA. DOTTRINA. DIRETTIVE PASTORALI. APPELLO FINALE. INDICE LUOGHI BIBLICI. DOCUMENTI DEL MAGISTERO. AUT
501 _aSocietà San Paolo EM - Piazza San Paolo, 14 - 12051 ALBA (CN) (non commercial uses only) ® Copyright 2017
520 _aPREFAZIONE DI RATZINGER J. CURATORE MACCHI P. CREDO DEL POPOLO DI DIO. ESORTAZIONE PROFESSIONE DI FEDE. COMMENTO. TESTO DELL'ENCICLICA ASPETTI DEL PROBLEMA. DOTTRINA. DIRETTIVE PASTORALI. APPELLO FINALE. INDICE LUOGHI BIBLICI. DOCUMENTI DEL MAGISTERO. AUT
650 _aTEOLOGIA SPIRITUALE CRISTIANA
942 _cBK
957 _71
999 _a57652
_bNO
_g Copie: 1
_c310016
_d310016